Parallel'nyje vyčislitel'nyje sistemy s obščim upravlenijem
Guardado en:
| Autor principal: | |
|---|---|
| Otros Autores: | , |
| Formato: | Libro |
| Lenguaje: | ruso |
| Publicado: |
Moskva
Energoatomizdat
1983
|
| Etiquetas: |
Sin Etiquetas, Sea el primero en etiquetar este registro!
|
MARC
| LEADER | 00000nam a2200000 4500 | ||
|---|---|---|---|
| 001 | c114800 | ||
| 005 | 20041019155159.6 | ||
| 041 | 0 | |a rus | |
| 044 | |a RU | ||
| 245 | 1 | 0 | |a Parallel'nyje vyčislitel'nyje sistemy s obščim upravlenijem |c Iveri Varlanovič Prangišvili, Sergej Jakovlevič Vilenkin, Izrail' L'vovič Medvedev |
| 264 | 1 | |a Moskva |b Energoatomizdat |c 1983 | |
| 300 | |a 310 s. | ||
| 100 | 1 | |a Prangišvili, Iveri Varlanovič | |
| 700 | 1 | |a Vilenkin, Naum Jakovlevič | |
| 700 | 1 | |a Medvedev, Izrail' L'vovič | |